| 000 | 00905 am a2200277 a 4500 | ||
|---|---|---|---|
| 005 | 20240222135055.0 | ||
| 008 | 100701s1997||||ag # f |||| 001 0 spa d | ||
| 020 | _a9509129771 | ||
| 041 | _aspa | ||
| 092 |
_c614.072 _l82 _sTES |
||
| 100 | 1 |
_aTesta, Mario. _924 |
|
| 245 |
_aPensar en salud / _cMario Testa. |
||
| 250 | _a2a ed. | ||
| 260 |
_aBuenos Aires: _bLugar Editorial; _c1997. |
||
| 300 | _a233 p. | ||
| 500 | _aTesta, M. (1997). Pensar en salud. (2a ed.). Buenos Aires : Lugar Editorial. | ||
| 590 | _aDonación Editorial Lugar, Nov. 2005 | ||
| 653 | _aEnseñar medicina | ||
| 653 | _aTendencias en planificación | ||
| 653 | _aProblemas sociales y cuestión nacional (el dilema de la asignación) | ||
| 653 | _aAtención ¿primaria o primitiva? de salud | ||
| 653 | _aTecnología y salud | ||
| 653 | _aCiencias sociales y salud en Argentina | ||
| 930 | _a1357 | ||
| 942 |
_2ddc _cBK |
||
| 999 |
_c460 _d460 |
||